000 00402nam a22001697a 4500
999 _c11529
_d11529
003 OSt
008 220910b ||||| |||| 00| 0 eng d
020 _a9788131806975
082 _a670.423 GAW
100 _aGARG,SK
245 _aWorkshop Technology (Manufacturing Processes)
250 _a4th
260 _aNew Delhi
_bUniversity Press
_c2020
300 _a542
650 _aME
942 _2ddc
_cBK